Statistiques concernant PSG joueur 2023-2024 #1

Cliquez ici pour prendre le quiz!

Statistiques générales

  • Ce quiz a été pris 148 fois
  • Le résultat moyen est 14 sur 15

Statistiques - réponses

Réponse% Correct
Kylian Mbappé
100%
Neymar
100%
Marco Verratti
99%
Marquinhos
96%
Vitinha
96%
Danilo
94%
Milan Škriniar
93%
Warren Zaire-Emery
93%
Fabian Ruiz
90%
Lucas Hernandez
90%
Marco Asensio
88%
Renato Sanches
86%
Sergio Rico
83%
Lee Kang-in
76%
Ilyes Housni
67%

Distribution des résultats

Percentile par nombre de réponses

% des personnes avec chaque résultat

Votre développement - résultats

Vous n’avez pas pris ce quiz